00247nam a2200097Ia 4500008004100000100000900041245004600050260002900096942000700125999001700132190216s9999||||xx |||||||||||||| ||und|| aNull 0aHindi-Prathmik Swasthya Ke Samajik Pehale bMac Millian And Com. Ltd cBK c18170d18170